Diccionario ilustrado de las ciencias y la tecnología

Guardat en:
Dades bibliogràfiques
Autor principal: Gispert, Carlos de (Autor)
Format: Llibre
Idioma:espanyol
Publicat: Barcelona Océano 2005
Matèries:
Etiquetes: Afegir etiqueta
Sense etiquetes, Sigues el primer a etiquetar aquest registre!

MARC

LEADER 00000nam a2200000 a 4500
001 UCI6231
003 CL-VaPUC
008 080425e20050000SP |||||||||||||||||spa|d
020 |a 8449428661 
082 0 4 |a 603  |b GIS  |2 21 
100 |a Gispert, Carlos de  |e author  |9 528959 
245 1 0 |a Diccionario ilustrado de las ciencias y la tecnología 
300 |a 735 p 
942 |c BK 
945 |d 20080425 00:00:00  |a rbrito 
260 |a Barcelona  |b Océano  |c 2005 
650 0 |a Ciencias  |9 327866 
650 0 |a Tecnología  |9 256742 
650 0 |a Diccionarios  |9 256200 
583 |a last modification  |c 20160920 05:20:10  |k Rodrigo Vera 
999 |c 329762  |d 329760 
952 |0 0  |1 0  |4 0  |6 603_000000000000000_GIS_2005  |7 0  |8 X  |9 414820  |a BIBING  |b BIBING  |d 2019-11-22  |i 4434145  |o 603 GIS 2005  |p 4434145  |r 2025-01-20  |w 2019-11-22  |y BK_X  |k ING